[Event "GER-ch U25 op-B"]
[Site "Willingen"]
[Date "2024.05.22"]
[Round "5"]
[White "Er, Sadik Bugra"]
[Black "Prashanthakumar, Arju"]
[Result "1-0"]
[WhiteElo "1688"]
[BlackElo "1668"]
[PlyCount "63"]
[EventDate "2024.05.19"]
[EventType "swiss"]
[EventRounds "9"]
[EventCountry "GER"]
[SourceTitle "EXT 2025"]
[Source "ChessBase"]
[SourceDate "2024.10.14"]
[SourceVersion "1"]
[SourceVersionDate "2024.10.14"]
[SourceQuality "1"]

1. e4 e6 2. d4 d5 3. Nd2 Nf6 4. e5 Nfd7 5. Bd3 c5 6. c3 Nc6 7. Ne2 Be7 8. 0-0 0-0 9. Nf3 cxd4 10. cxd4 f6 11. exf6 Nxf6 12. Re1 Bd6 13. Bf4 Bxf4 14. Nxf4 Qd6 15. g3 Bd7 16. a3 Rae8 17. Ne5 Qe7 18. Rc1 Qd6 19. Bb1 Re7 20. Qd3 g5 21. Nh3 Rg7 22. f4 gxf4 23. Nxf4 Nxe5 24. Rxe5 Ng4 25. Rg5 Rf5 26. Rxg7+ Kxg7 27. Qf3 Rg5 28. h4 Qb6 29. Rd1 Ne5 30. Qf2 Ng4 31. Qe2 Qb3 32. Rd3 1-0

[Event "GER-ch U25 op-B"]
[Site "Willingen"]
[Date "2024.05.22"]
[Round "6"]
[White "Prashanthakumar, Arju"]
[Black "Fettig, Konrad"]
[Result "1-0"]
[WhiteElo "1668"]
[BlackElo "1744"]
[PlyCount "55"]
[EventDate "2024.05.19"]
[EventType "swiss"]
[EventRounds "9"]
[EventCountry "GER"]
[SourceTitle "EXT 2025"]
[Source "ChessBase"]
[SourceDate "2024.10.14"]
[SourceVersion "1"]
[SourceVersionDate "2024.10.14"]
[SourceQuality "1"]

1. e4 c5 2. Nf3 d6 3. d4 cxd4 4. Nxd4 Nc6 5. Nc3 a6 6. Be3 g6 7. Qd2 Bg7 8. f3 Nxd4 9. Bxd4 Bxd4 10. Qxd4 Nf6 11. 0-0-0 Be6 12. g4 b5 13. g5 Qa5 14. gxf6 b4 15. Nd5 Rc8 16. fxe7 Rg8 17. Nf6+ Kxe7 18. Nxg8+ Rxg8 19. Qxd6+ Kf6 20. Qd4+ Ke7 21. Bc4 Qg5+ 22. Kb1 a5 23. Bxe6 fxe6 24. f4 Qb5 25. f5 gxf5 26. exf5 exf5 27. Rde1+ Kf7 28. Qa7+ 1-0

[Event "GER-ch U25 op-B"]
[Site "Willingen"]
[Date "2024.05.20"]
[Round "3"]
[White "Schedel, Loris"]
[Black "Prashanthakumar, Arju"]
[Result "1-0"]
[WhiteElo "1819"]
[BlackElo "1668"]
[PlyCount "61"]
[EventDate "2024.05.19"]
[EventType "swiss"]
[EventRounds "9"]
[EventCountry "GER"]
[SourceTitle "EXT 2025"]
[Source "ChessBase"]
[SourceDate "2024.10.14"]
[SourceVersion "1"]
[SourceVersionDate "2024.10.14"]
[SourceQuality "1"]

1. e4 e6 2. Nf3 d5 3. e5 c5 4. c3 Nc6 5. Na3 a6 6. Nc2 Bd7 7. d4 Nge7 8. Bd3 cxd4 9. cxd4 Nf5 10. 0-0 Be7 11. Kh1 0-0 12. Rg1 f6 13. g4 fxe5 14. gxf5 e4 15. Ne5 exd3 16. Qg4 Bf6 17. fxe6 Be8 18. Bh6 Qe7 19. Ne3 Nxe5 20. dxe5 Bxe5 21. Nxd5 Bc6 22. Qe4 Qd6 23. Bxg7 Bg3 24. Rxg3 Qxg3 25. hxg3 Kxg7 26. Qe5+ Kh6 27. Kg2 Rfd8 28. Rh1+ Kg6 29. Qh5+ Kg7 30. Qxh7+ Kf8 31. Qf7# 1-0

[Event "GER-ch U25 op-B"]
[Site "Willingen"]
[Date "2024.05.19"]
[Round "2"]
[White "Prashanthakumar, Arju"]
[Black "Oblender, Rudi"]
[Result "1-0"]
[WhiteElo "1668"]
[BlackElo "1622"]
[PlyCount "109"]
[EventDate "2024.05.19"]
[EventType "swiss"]
[EventRounds "9"]
[EventCountry "GER"]
[SourceTitle "EXT 2025"]
[Source "ChessBase"]
[SourceDate "2024.10.14"]
[SourceVersion "1"]
[SourceVersionDate "2024.10.14"]
[SourceQuality "1"]

1. e4 c5 2. Nf3 Nc6 3. d4 cxd4 4. Nxd4 g6 5. c4 Bg7 6. Be3 d6 7. Nc3 Nf6 8. f3 a6 9. Qd2 Nxd4 10. Bxd4 e5 11. Be3 Be6 12. Be2 Rc8 13. b3 0-0 14. 0-0 Qe7 15. Rfd1 Ne8 16. Rac1 f5 17. Kh1 f4 18. Bf2 h5 19. Nd5 Bxd5 20. Qxd5+ Qf7 21. c5 Qxd5 22. exd5 dxc5 23. d6 Nf6 24. d7 Ra8 25. Bxc5 Rfd8 26. Bc4+ Kh7 27. Be6 e4 28. Be7 e3 29. Bxd8 Rxd8 30. Rc8 Rxd7 31. Bxd7 Nxd7 32. Rxd7 Kh6 33. Rxg7 Kxg7 34. Kg1 Kf6 35. Kf1 g5 36. Ke2 g4 37. fxg4 hxg4 38. Rb8 b5 39. Rb6+ Ke5 40. Rxa6 Ke4 41. a4 f3+ 42. gxf3+ gxf3+ 43. Kf1 bxa4 44. bxa4 Kd3 45. Re6 e2+ 46. Kf2 Kd2 47. a5 Kd1 48. a6 Kd2 49. a7 Kd1 50. a8Q e1B+ 51. Rxe1+ Kd2 52. Qd5+ Kc2 53. Re8 Kb1 54. Qd2 Ka1 55. Re1# 1-0

[Event "GER-ch U12"]
[Site "Willingen"]
[Date "2023.05.31"]
[Round "5"]
[White "Prashanthakumar, Arju"]
[Black "Krueger, Moritz"]
[Result "1/2-1/2"]
[WhiteElo "1291"]
[BlackElo "1582"]
[PlyCount "86"]
[EventDate "2023.05.27"]
[EventType "swiss"]
[EventRounds "9"]
[EventCountry "GER"]
[SourceTitle "CBM 214 Extra"]
[Source "ChessBase"]
[SourceDate "2023.07.31"]
[SourceVersion "1"]
[SourceVersionDate "2023.07.31"]
[SourceQuality "1"]

1. e4 c5 2. Nf3 d6 3. d4 cxd4 4. Nxd4 Nf6 5. Nc3 a6 6. Be2 e6 7. 0-0 Be7 8. Be3 0-0 9. Qd2 b5 10. a3 Bb7 11. f3 Nbd7 12. Rad1 d5 13. exd5 Nxd5 14. Nxd5 Bxd5 15. Nf5 Bf6 16. c3 Ne5 17. Bc5 Bc4 18. Bxf8 Qb6+ 19. Nd4 Rxf8 20. Bxc4 Nxc4 21. Qf2 Rd8 22. Nb3 Qxf2+ 23. Kxf2 Nxb2 24. Rxd8+ Bxd8 25. Ke2 Kf8 26. Nc5 Ba5 27. Nxa6 Na4 28. Nb4 Nxc3+ 29. Kd3 Bxb4 30. axb4 Nd5 31. Kd4 Nxb4 32. Kc5 Nd5 33. Kxb5 Ke7 34. Kc5 Kf6 35. Kd4 Nf4 36. g3 e5+ 37. Ke4 Ne6 38. Kd5 Nf8 39. Ra1 Ng6 40. Ra6+ Kg5 41. Ra7 Kf6 42. Ra6+ Kf5 43. Ra7 Kf6 1/2-1/2

[Event "GER-ch U10"]
[Site "Willingen"]
[Date "2021.08.29"]
[Round "11"]
[White "Rohatgi, Kushagra"]
[Black "Prashanthakumar, Arju"]
[Result "1-0"]
[WhiteElo "1473"]
[BlackElo "953"]
[PlyCount "69"]
[EventDate "2021.08.22"]
[EventType "swiss"]
[EventRounds "11"]
[EventCountry "GER"]
[SourceTitle "EXT 2022"]
[Source "ChessBase"]
[SourceDate "2021.10.06"]
[SourceVersion "1"]
[SourceVersionDate "2021.10.06"]
[SourceQuality "1"]

1. e4 e5 2. Nf3 Nc6 3. Bc4 Bc5 4. b4 Bxb4 5. c3 Bc5 6. d4 exd4 7. 0-0 Nge7 8. Ng5 0-0 9. Qh5 h6 10. Nxf7 Rxf7 11. Bxf7+ Kf8 12. Bb3 Qe8 13. Qf3+ Nf5 14. Qxf5+ Ke7 15. Qxc5+ Kd8 16. cxd4 b6 17. Qd5 Ba6 18. Re1 Kc8 19. Bc4 Bb7 20. Ba3 Nb4 21. Qf5 Nc2 22. Bf7 Qd8 23. Nc3 Nxa1 24. Rxa1 a5 25. Nd5 b5 26. Be7 Qh8 27. Rc1 Bxd5 28. Qxd5 Rb8 29. Qc5 c6 30. d5 Kb7 31. dxc6+ dxc6 32. Qxc6+ Ka7 33. Bc5+ Rb6 34. Qxb6+ Ka8 35. Bd5# 1-0

[Event "GER-ch U10"]
[Site "Willingen"]
[Date "2021.08.26"]
[Round "7"]
[White "Vranckx, Oscar"]
[Black "Prashanthakumar, Arju"]
[Result "1/2-1/2"]
[WhiteElo "1300"]
[BlackElo "953"]
[PlyCount "111"]
[EventDate "2021.08.22"]
[EventType "swiss"]
[EventRounds "11"]
[EventCountry "GER"]
[SourceTitle "EXT 2022"]
[Source "ChessBase"]
[SourceDate "2021.10.06"]
[SourceVersion "1"]
[SourceVersionDate "2021.10.06"]
[SourceQuality "1"]

1. e4 e5 2. Nf3 Nc6 3. d4 exd4 4. Nxd4 Bc5 5. Be3 Qf6 6. c3 Nge7 7. g3 h5 8. f4 Bb6 9. Qd2 d6 10. Na3 a6 11. 0-0-0 Bd7 12. Nac2 0-0-0 13. Bd3 Rhe8 14. Qf2 Nxd4 15. Nxd4 g6 16. Rhe1 Kb8 17. Qg2 Bg4 18. Rd2 Ka8 19. h3 Bd7 20. Bxa6 Bxh3 21. Qh1 Bc8 22. Nb5 Bxe3 23. Rxe3 Kb8 24. Nd4 bxa6 25. e5 dxe5 26. Rxe5 Bb7 27. Qe1 Rd5 28. Re3 c5 29. Nb3 Rxd2 30. Qxd2 Qc6 31. Na5 Qc8 32. Qe2 Qc7 33. Nc4 Bd5 34. Ne5 Kb7 35. Rd3 f6 36. Nxg6 Bc4 37. Qe4+ Ka7 38. Rd1 Bf7 39. Nh4 Ng6 40. Qa4 Rd8 41. Nf5 Rxd1+ 42. Kxd1 Be6 43. Ne3 Qd7+ 44. Qxd7+ Bxd7 45. Nd5 Be6 46. Nxf6 h4 47. gxh4 Nxh4 48. Ne4 Kb6 49. a4 Bb3+ 50. Kd2 Bxa4 51. b4 cxb4 52. cxb4 Bd7 53. Nc5 Bf5 54. Kc3 Ng6 55. Kd4 Kb5 56. Ke3 1/2-1/2